000 00497nam a2200181Ia 4500
005 20250423094246.0
008 250422s9999 xx 000 0 und d
020 _a9780750655118
050 _aNA 105 .J65/
100 _aJokilehto, Jukka
245 2 _aA history of architectural conservation
260 _aOxford
260 _bButterworth-Heinemann
260 _c2002
300 _a54 p
650 _aArchitecture--Conservation and restoration. Cultural property--Protection
942 _cBK
999 _c26730
_d26730